| 000 | 01377nam a2200205Ia 4500 | ||
|---|---|---|---|
| 005 | 20191210120831.0 | ||
| 008 | 180910s9999 xx 000 0 und d | ||
| 040 | _aLB-BrCRDP | ||
| 111 | _aالمؤتمر الدولي "قصتنا قصة: أدب أطفال اليوم" 12-14 حزيران يونيو 2009، بيروت | ||
| 245 | 1 | 0 | _aقصتنا قصة : أدب أطفال اليوم |
| 260 |
_aبيروت _bتجمع الباحثات اللبنانيات _c2009 |
||
| 300 | _a263 pages | ||
| 500 | _aالنوع : كتاب | ||
| 520 | 3 | _aيتناول هذا الكتاب أعمال المؤتمر الدولي الذي عقد في 12-14 حزيران 2009. ويتناول هذا الكتاب موضوع التأليف الأدبي للأطفال وواقعه في لبنان والعالم العربي. وتتضمن المؤتمر عرض 16 ورقة بحثية، تقسمت الى اربعة محاور: البيئة الاجتماعية والثقافية في كتب الاطفال، أشكال النزاع في كتب الأطفال، أثر الرقابة على التأليف، ظهور أدوار الأسرة ومساحاتها في كتب الأطفال. | |
| 650 | 4 | _aChildren Literature | |
| 650 | 4 |
_aLittérature pour enfant _970 |
|
| 650 | 4 | _aادب الاطفال | |
| 856 |
_zShamaa _uhttp://search.shamaa.org/FullRecord?ID=44805 |
||
| 942 |
_cLAESDATA _2ddc |
||
| 999 |
_c20007 _d20007 |
||